| 000 | 01075nam a2200289 a 4500 | ||
|---|---|---|---|
| 001 | 000000698 | ||
| 003 | DO-SdBNP | ||
| 005 | 20230411153122.0 | ||
| 007 | ta | ||
| 008 | 090422s1976 dr a 000 0 spa d | ||
| 040 |
_aDO-SdBNP _bspa _cBNPHU |
||
| 082 | 4 |
_a613.9071 _bI59ap 1976 _222 |
|
| 110 | 2 |
_aInstituto Nacional de Educación Sexual (República Dominicana) _92373 |
|
| 245 | 1 | 0 |
_aAparato reproductor : _banatomía y fisiología. |
| 250 | _a2a ed. | ||
| 260 |
_aSanto Domingo : _bINES, _c1976. |
||
| 300 |
_a112 p. : _bil. ; _c21 cm. |
||
| 490 | 1 |
_aEducación sexual ; _v1 |
|
| 505 | 1 |
_aNota del editor-- _gCapítulo 1. _tNecesidades e importancia de la educación sexual -- _gCapítulo 2. _tAparato reproductor masculino -- _gCapítulo 3. _tAparato reproductor femenino -- _tLecturas recomendadas. |
|
| 590 | _aInventariado, 2018/LP | ||
| 650 | 4 |
_aEducación sexual _92374 |
|
| 650 | 4 |
_aAparato genital femenino _92375 |
|
| 650 | 4 |
_aAparato genital masculino _92376 |
|
| 650 | 4 |
_aReproducción humana _92377 |
|
| 830 | 0 |
_aEducación sexual ; _n1 _92378 |
|
| 942 |
_2ddc _cLBS1 |
||
| 999 |
_c694 _d694 |
||